[Event "35th European Club Cup 2019"]
[Site "Ulcinj"]
[Date "2019.11.12"]
[Round "3.21"]
[White "Van Baar, Esper"]
[Black "Matnadze, Ana"]
[Result "0-1"]
[WhiteElo "2176"]
[BlackElo "2384"]
[Annotator "NA"]
[PlyCount "75"]
[EventDate "2019.11.10"]
[EventType "team-tourn"]
[EventCountry "MNE"]
[SourceTitle "playchess.com"]
[Source "ChessBase"]
[SourceQuality "1"]
[WhiteTeam "Kennemer Combinatie"]
[BlackTeam "Wachtebeke"]
[TimeControl "40/5400+30:1800+30"]

1. e4 e5 2. Nf3 Nc6 3. Bc4 d6 4. c3 g6 5. d4 Bg7 6. Be3 Qe7 7. O-O Nf6 8. dxe5 dxe5 9. Qc2 O-O {[%emt 0:19:32]} 10. b4 {[%emt 0:31:29]} b6 {[%emt 0:00:30]} 11. Nbd2 {[%emt 0:02:39]} Bb7 {[%emt 0:05:13]} 12. Bb3 {[%emt 0:13:50]} a5 {[%emt 0:03:41]} 13. a3 {[%emt 0:03:19]} h6 {[%emt 0:02:35]} 14. h3 {[%emt 0:00:30]} Nb8 {[%emt 0:00:30]} 15. Rfd1 {[%emt 0:07:04]} Nbd7 {[%emt 0:02:34]} 16. Nh2 {[%emt 0:08:51]} Kh7 17. Ng4 {[%emt 0:03:11]} Ne8 {[%emt 0:12:21]} 18. f3 {[%emt 0:00:30]} f5 {[%emt 0:00:30]} 19. Nh2 {[%emt 0:00:38]} b5 {[%emt 0:06:11]} 20. Qd3 {[%emt 0:02:45]} Nd6 {[%emt 0:02:52]} 21. Bd5 {[%emt 0:04:20]} Bxd5 {[%emt 0:01:41]} 22. Qxd5 {[%emt 0:04:38]} Ra6 {[%emt 0:04:47]} 23. Qd3 Qe6 {[%emt 0:01:12]} 24. Nhf1 {[%emt 0:03:10]} Rfa8 {[%emt 0:01:15]} 25. Bf2 {[%emt 0:09:37]} f4 {[%emt 0:00:30]} 26. Nb1 {[%emt 0:01:27]} h5 {[%emt 0:06:29]} 27. Qd5 {[%emt 0:00:04]} Qxd5 28. Rxd5 Rc6 {[%emt 0:05:19]} 29. Nfd2 {[%emt 0:01:52]} axb4 {[%emt 0:00:38]} 30. cxb4 {[%emt 0:00:05]} Rc1+ {[%emt 0:00:28]} 31. Kh2 {[%emt 0:00:17]} g5 {[%emt 0:01:51]} 32. Rd3 {[%emt 0:01:32]} g4 {[%emt 0:00:37]} 33. fxg4 {[%emt 0:00:05]} hxg4 {[%emt 0:00:14]} 34. hxg4 {[%emt 0:00:30]} Nf6 {[%emt 0:00:30]} 35. g3 {[%emt 0:00:30]} Ndxe4 {[%emt 0:00:30]} 36. Nxe4 {[%emt 0:04:35]} Nxe4 {[%emt 0:00:52]} 37. Kg2 {[%emt 0:00:30]} Rc2 {[%emt 0:01:37]} 38. Rf3 {[%emt 0:00:31]} 0-1

[Event "35th European Club Cup 2019"]
[Site "Ulcinj"]
[Date "2019.11.12"]
[Round "3.22"]
[White "Miljkovic, Miroslav D"]
[Black "Yuffa, Daniil"]
[Result "1-0"]
[WhiteElo "2496"]
[BlackElo "2578"]
[Annotator "ChessBase"]
[PlyCount "91"]
[EventDate "2019.11.10"]
[EventType "team-tourn"]
[EventCountry "MNE"]
[SourceTitle "playchess.com"]
[Source "ChessBase"]
[SourceQuality "1"]
[WhiteTeam "Sloven Ruma"]
[BlackTeam "Molodezka"]
[TimeControl "40/5400+30:1800+30"]

1. d4 {[%emt 0:00:00]} Nf6 {[%emt 0:00:00]} 2. c4 {[%emt 0:00:00]} g6 {[%emt 0:00:00]} 3. Nc3 {[%emt 0:00:00]} Bg7 {[%emt 0:00:00]} 4. e4 {[%emt 0:00:01]} d6 {[%emt 0:00:00]} 5. h3 {[%emt 0:00:43]} O-O {[%emt 0:00:00]} 6. Be3 {[%emt 0:00:11]} Na6 {[%emt 0:00:44]} 7. Nf3 {[%emt 0:09:37]} c6 {[%emt 0:00:21]} 8. Be2 {[%emt 0:03:26]} e5 {[%emt 0:00:44]} 9. d5 {[%emt 0:01:08]} cxd5 {[%emt 0:06:22]} 10. cxd5 {[%emt 0:00:19]} Nh5 {[%emt 0:01:44]} 11. Ng1 {[%emt 0:20:07]} Nf6 {[%emt 0:04:22]} 12. Nf3 {[%emt 0:00:58]} Nh5 {[%emt 0:00:11]} 13. Ng1 {[%emt 0:00:17]} Nf4 {[%emt 0:03:05]} 14. Bf1 {[%emt 0:00:45]} Bd7 {[%emt 0:08:07]} 15. g3 {[%emt 0:00:33]} Nh5 {[%emt 0:00:24]} 16. Be2 {[%emt 0:13:10]} Nf6 {[%emt 0:00:09]} 17. Nf3 {[%emt 0:03:30]} Rc8 {[%emt 0:06:48]} 18. Nd2 {[%emt 0:02:25]} Nc5 {[%emt 0:01:17]} 19. b4 {[%emt 0:11:22]} Nd3+ {[%emt 0:01:31]} 20. Bxd3 {[%emt 0:00:05]} Rxc3 {[%emt 0:00:03]} 21. Nb1 {[%emt 0:05:56]} Rc7 {[%emt 0:08:42]} 22. Na3 {[%emt 0:08:35]} Rc3 {[%emt 0:03:04]} 23. Nb1 {[%emt 0:00:11]} Nxe4 {[%emt 0:12:36]} 24. Bxe4 {[%emt 0:01:13]} Rxe3+ {[%emt 0:01:03]} 25. fxe3 {[%emt 0:00:10]} Qg5 {[%emt 0:00:16]} 26. Qe2 {[%emt 0:05:59]} f5 {[%emt 0:00:06]} 27. Nc3 {[%emt 0:02:01]} Qxg3+ {[%emt 0:02:49]} 28. Qf2 {[%emt 0:02:14]} Qg5 {[%emt 0:02:30]} 29. Bg2 {[%emt 0:01:45]} e4 {[%emt 0:04:33]} 30. Rc1 {[%emt 0:00:01]} Bd4 {[%emt 0:01:56]} 31. Nd1 {[%emt 0:02:45]} Be5 {[%emt 0:06:25]} 32. h4 {[%emt 0:00:01]} Qg4 {[%emt 0:02:28]} 33. Bh3 {[%emt 0:00:28]} Qh5 {[%emt 0:00:05]} 34. Rg1 {[%emt 0:00:41]} Bf6 {[%emt 0:01:29]} 35. Kd2 {[%emt 0:01:13]} Bb5 {[%emt 0:04:16]} 36. Bf1 {[%emt 0:01:20]} f4 {[%emt 0:00:08]} 37. Bxb5 {[%emt 0:03:05]} Qxd5+ {[%emt 0:00:39]} 38. Ke1 {[%emt 0:00:28]} Qxb5 {[%emt 0:00:05]} 39. Rg4 {[%emt 0:01:34]} Qxb4+ {[%emt 0:04:57]} 40. Qd2 {[%emt 0:00:00]} Qb5 {[%emt 0:00:00]} 41. Nc3 {[%emt 0:04:17]} Bxc3 {[%emt 0:05:52]} 42. Qxc3 {[%emt 0:00:49]} fxe3 {[%emt 0:00:17]} 43. Qc4+ {[%emt 0:00:33]} Qxc4 {[%emt 0:00:03]} 44. Rxc4 {[%emt 0:00:08]} d5 {[%emt 0:00:01]} 45. Rd4 {[%emt 0:00:11]} Rf5 {[%emt 0:00:12]} 46. Rg5 {[%emt 0:00:09]} 1-0

[Event "35th European Club Cup 2019"]
[Site "Ulcinj"]
[Date "2019.11.12"]
[Round "3.22"]
[White "Grochal, Joey"]
[Black "Mesman, Edwyn"]
[Result "*"]
[WhiteElo "2325"]
[BlackElo "2156"]
[Annotator "TA RC"]
[PlyCount "34"]
[EventDate "2019.11.10"]
[EventType "team-tourn"]
[EventCountry "MNE"]
[SourceTitle "playchess.com"]
[Source "ChessBase"]
[SourceQuality "1"]
[WhiteTeam "Wachtebeke"]
[BlackTeam "Kennemer Combinatie"]

{[%evp 17,23,0,13,-20,-10,-5,0,0]} 1. d4 Nf6 2. c4 e6 3. Nf3 d5 4. Nc3 Bb4 5. Qa4+ Nc6 6. cxd5 exd5 7. Bg5 O-O 8. e3 h6 9. Bxf6 Qxf6 {The position is equal.} 10. a3 {D38: Queen's Gambit Declined: Ragozin Defence (4 Nf3 Bb4)} Bxc3+ $1 11. bxc3 Bg4 12. Be2 {Predecessor:} Rad8 $146 13. O-O Rd6 14. c4 dxc4 15. Qxc4 Qe7 16. Rab1 b6 17. Rfc1 Be6 {1-0 (50) Navara,D (2727)-Vitiugov,N (2738) Wroclaw 2014} *

[Event "35th European Club Cup 2019"]
[Site "Ulcinj"]
[Date "2019.11.12"]
[Round "3.23"]
[White "Antipov, Mikhail Al."]
[Black "Lazic, Miroljub"]
[Result "1-0"]
[WhiteElo "2558"]
[BlackElo "2409"]
[Annotator "ChessBase"]
[PlyCount "99"]
[EventDate "2019.11.10"]
[EventType "team-tourn"]
[EventCountry "MNE"]
[SourceTitle "playchess.com"]
[Source "ChessBase"]
[SourceQuality "1"]
[WhiteTeam "Molodezka"]
[BlackTeam "Sloven Ruma"]
[TimeControl "40/5400+30:1800+30"]

1. e4 {[%emt 0:00:00]} e5 {[%emt 0:00:00]} 2. Nf3 {[%emt 0:00:00]} Nc6 {[%emt 0:00:00]} 3. Bc4 {[%emt 0:00:00]} Bc5 {[%emt 0:00:57]} 4. O-O {[%emt 0:00:00]} d6 {[%emt 0:01:52]} 5. d3 {[%emt 0:00:00]} h6 {[%emt 0:07:37]} 6. c3 {[%emt 0:00:05]} Qf6 {[%emt 0:00:08]} 7. b4 {[%emt 0:00:07]} Bb6 {[%emt 0:00:02]} 8. a4 {[%emt 0:00:08]} a5 {[%emt 0:01:18]} 9. b5 {[%emt 0:00:07]} Nce7 {[%emt 0:02:45]} 10. Bb3 {[%emt 0:00:15]} Ng6 {[%emt 0:01:24]} 11. Nbd2 {[%emt 0:01:13]} Nf4 {[%emt 0:06:08]} 12. Ne1 {[%emt 0:12:24]} Be6 {[%emt 0:09:56]} 13. Bxe6 {[%emt 0:01:26]} Nxe6 {[%emt 0:00:32]} 14. Nc4 {[%emt 0:00:16]} Ne7 {[%emt 0:07:23]} 15. Be3 {[%emt 0:21:11]} d5 {[%emt 0:10:51]} 16. Nxb6 {[%emt 0:06:27]} cxb6 {[%emt 0:00:06]} 17. Qf3 {[%emt 0:06:39]} Qxf3 {[%emt 0:18:40]} 18. Nxf3 {[%emt 0:00:11]} f6 {[%emt 0:00:01]} 19. Bxb6 {[%emt 0:03:58]} dxe4 {[%emt 0:00:23]} 20. dxe4 {[%emt 0:00:08]} Nc8 {[%emt 0:00:16]} 21. Be3 {[%emt 0:00:09]} Nd6 {[%emt 0:00:02]} 22. Nd2 {[%emt 0:00:14]} Ke7 {[%emt 0:01:34]} 23. c4 {[%emt 0:09:42]} Rhc8 {[%emt 0:02:15]} 24. Rfc1 {[%emt 0:00:08]} Nc5 {[%emt 0:00:38]} 25. f3 {[%emt 0:02:08]} b6 {[%emt 0:00:34]} 26. Ra3 {[%emt 0:01:14]} Rc7 {[%emt 0:06:35]} 27. Bf2 {[%emt 0:22:42]} Rac8 {[%emt 0:04:35]} 28. Nf1 {[%emt 0:00:23]} Nd7 {[%emt 0:04:30]} 29. Ne3 {[%emt 0:00:19]} Ke6 {[%emt 0:01:05]} 30. Rac3 {[%emt 0:00:23]} h5 {[%emt 0:02:22]} 31. h3 {[%emt 0:04:23]} g6 {[%emt 0:00:33]} 32. g4 {[%emt 0:00:18]} hxg4 {[%emt 0:00:02]} 33. hxg4 {[%emt 0:00:07]} Nc5 {[%emt 0:00:45]} 34. Nd5 {[%emt 0:03:07]} Rb7 {[%emt 0:00:04]} 35. Bxc5 {[%emt 0:02:06]} Rxc5 {[%emt 0:00:03]} 36. Kf2 {[%emt 0:00:14]} f5 {[%emt 0:03:44]} 37. gxf5+ {[%emt 0:00:15]} gxf5 {[%emt 0:00:01]} 38. Rh1 {[%emt 0:01:59]} fxe4 {[%emt 0:00:20]} 39. Rh6+ {[%emt 0:00:05]} Kd7 {[%emt 0:00:04]} 40. Nf6+ {[%emt 0:00:00]} Kc7 {[%emt 0:00:00]} 41. Nd5+ {[%emt 0:22:48]} Kd7 {[%emt 0:01:55]} 42. Rc1 {[%emt 0:00:41]} Rxc4 {[%emt 0:01:18]} 43. Rxc4 {[%emt 0:00:11]} Nxc4 {[%emt 0:00:06]} 44. Rc6 {[%emt 0:00:18]} Nd6 {[%emt 0:05:56]} 45. Nxb6+ {[%emt 0:00:38]} Ke7 {[%emt 0:00:05]} 46. Nd5+ {[%emt 0:00:46]} Ke6 {[%emt 0:01:06]} 47. Nc3 {[%emt 0:01:16]} Ke7 {[%emt 0:18:12]} 48. Nxe4 {[%emt 0:02:25]} Nf5 {[%emt 0:00:30]} 49. Nc5 {[%emt 0:00:27]} Rb8 {[%emt 0:00:03]} 50. Re6+ {[%emt 0:00:10]} 1-0

[Event "35th European Club Cup 2019"]
[Site "Ulcinj"]
[Date "2019.11.12"]
[Round "3.23"]
[White "Duijn, Richard"]
[Black "Blom, Vincent"]
[Result "*"]
[WhiteElo "2220"]
[BlackElo "2304"]
[Annotator "NA"]
[PlyCount "104"]
[EventDate "2019.11.10"]
[EventType "team-tourn"]
[EventCountry "MNE"]
[SourceTitle "playchess.com"]
[Source "ChessBase"]
[SourceQuality "1"]
[WhiteTeam "Kennemer Combinatie"]
[BlackTeam "Wachtebeke"]
[TimeControl "40/5400+30:1800+30"]

1. d4 Nf6 2. c4 c5 3. d5 d6 4. Nc3 g6 5. g3 Bg7 6. Bg2 Nbd7 7. Nf3 O-O 8. O-O Re8 9. h3 Nf8 10. Be3 a6 11. a4 Bd7 12. a5 b5 13. axb6 Qxb6 14. Na4 Bxa4 15. Qxa4 Reb8 16. Rfb1 N6d7 17. Ne1 Qb4 18. Qc2 Nb6 19. Bg5 Ra7 20. Rc1 Qxb2 21. Qd1 Qe5 22. Bd2 Qf5 23. e4 Qd7 {[%emt 1:25:39]} 24. Ra5 {[%emt 1:14:38]} Na8 {[%emt 0:00:16]} 25. Bf1 {[%emt 0:01:42]} Nc7 {[%emt 0:03:27]} 26. Kg2 {[%emt 0:01:19]} Qc8 {[%emt 0:02:46]} 27. Bd3 {[%emt 0:01:22]} Nd7 {[%emt 0:02:27]} 28. Bc2 {[%emt 0:02:14]} Rab7 {[%emt 0:00:30]} 29. Qe2 {[%emt 0:02:13]} Qd8 {[%emt 0:00:50]} 30. f4 {[%emt 0:00:30]} e6 {[%emt 0:00:30]} 31. Qd3 {[%emt 0:05:17]} Qf6 {[%emt 0:01:52]} 32. Ba4 {[%emt 0:03:01]} Nf8 {[%emt 0:01:21]} 33. Nf3 {[%emt 0:02:28]} Rb2 {[%emt 0:01:55]} 34. Bc2 {[%emt 0:01:04]} Nd7 35. Ra3 {[%emt 0:00:30]} Qd8 {[%emt 0:01:57]} 36. Re1 {[%emt 0:00:44]} Qf8 {[%emt 0:01:15]} 37. Bc1 {[%emt 0:03:14]} R2b4 {[%emt 0:00:41]} 38. Bd2 {[%emt 0:00:32]} Rb2 {[%emt 0:00:16]} 39. Bc1 {[%emt 0:00:00]} R2b7 {[%emt 0:00:00]} 40. Ba4 {[%emt 0:00:00]} Nb5 {[%emt 0:00:00]} 41. cxb5 {[%emt 0:11:22]} axb5 {[%emt 0:08:54]} 42. Bc2 {[%emt 0:01:18]} c4 {[%emt 0:00:39]} 43. Qe2 {[%emt 0:04:15]} b4 {[%emt 0:01:50]} 44. Re3 {[%emt 0:00:57]} b3 {[%emt 0:00:31]} 45. Qxc4 {[%emt 0:01:46]} bxc2 {[%emt 0:02:25]} 46. Qxc2 {[%emt 0:00:34]} Bf6 {[%emt 0:05:03]} 47. Qc6 {[%emt 0:01:34]} Bb2 {[%emt 0:04:58]} 48. Bd2 {[%emt 0:04:29]} Nf6 49. g4 {[%emt 0:01:12]} Rb6 {[%emt 0:05:09]} 50. Qa4 {[%emt 0:00:45]} Qc8 {[%emt 0:01:07]} 51. g5 {[%emt 0:03:32]} Qd7 {[%emt 0:00:07]} 52. Qc4 {[%emt 0:01:21]} Nh5 {[%emt 0:00:30]} *

[Event "35th European Club Cup 2019"]
[Site "Ulcinj"]
[Date "2019.11.12"]
[Round "3.23"]
[White "Duijn, Richard"]
[Black "Blom, Vincent"]
[Result "1/2-1/2"]
[WhiteElo "2220"]
[BlackElo "2304"]
[Annotator "ChessBase"]
[PlyCount "189"]
[EventDate "2019.11.10"]
[EventType "team-tourn"]
[EventCountry "MNE"]
[SourceTitle "playchess.com"]
[Source "ChessBase"]
[SourceQuality "1"]
[WhiteTeam "Kennemer Combinatie"]
[BlackTeam "Wachtebeke"]
[TimeControl "40/5400+30:1800+30"]

1. d4 Nf6 2. c4 c5 3. d5 d6 4. Nc3 g6 5. g3 Bg7 6. Bg2 Nbd7 7. Nf3 O-O 8. O-O Re8 9. h3 Nf8 10. Be3 a6 11. a4 Bd7 12. a5 b5 13. axb6 Qxb6 14. Na4 Bxa4 15. Qxa4 Reb8 16. Rfb1 N6d7 17. Ne1 Qb4 18. Qc2 Nb6 19. Bg5 Ra7 20. Rc1 Qxb2 21. Qd1 Qe5 22. Bd2 Qf5 23. e4 Qd7 {[%emt 1:25:39]} 24. Ra5 {[%emt 1:14:38]} Na8 {[%emt 0:00:16]} 25. Bf1 {[%emt 0:01:42]} Nc7 {[%emt 0:03:27]} 26. Kg2 {[%emt 0:01:19]} Qc8 {[%emt 0:02:46]} 27. Bd3 {[%emt 0:01:22]} Nd7 {[%emt 0:02:27]} 28. Bc2 {[%emt 0:02:14]} Rab7 {[%emt 0:00:30]} 29. Qe2 {[%emt 0:02:13]} Qd8 {[%emt 0:00:50]} 30. f4 {[%emt 0:00:30]} e6 {[%emt 0:00:30]} 31. Qd3 {[%emt 0:05:17]} exd5 {[%emt 0:01:47]} 32. exd5 {[%emt 0:00:47]} Qf6 {[%emt 0:00:35]} 33. Ba4 {[%emt 0:02:44]} Nf8 {[%emt 0:01:21]} 34. Nf3 {[%emt 0:02:28]} Rb2 {[%emt 0:01:55]} 35. Bc2 {[%emt 0:01:04]} Nd7 36. Ra3 {[%emt 0:00:30]} Qd8 {[%emt 0:01:57]} 37. Re1 {[%emt 0:00:44]} Qf8 {[%emt 0:01:15]} 38. Bc1 {[%emt 0:00:30]} R2b4 {[%emt 0:00:41]} 39. Bd2 {[%emt 0:03:16]} Rb2 {[%emt 0:00:16]} 40. Bc1 {[%emt 0:00:00]} R2b7 {[%emt 0:00:00]} 41. Ba4 {[%emt 0:10:52]} Nb5 42. cxb5 {[%emt 0:00:30]} axb5 {[%emt 0:08:54]} 43. Bc2 {[%emt 0:01:18]} c4 {[%emt 0:00:39]} 44. Qe2 {[%emt 0:04:15]} b4 {[%emt 0:01:50]} 45. Re3 {[%emt 0:00:57]} b3 {[%emt 0:00:31]} 46. Qxc4 {[%emt 0:01:46]} bxc2 {[%emt 0:02:25]} 47. Qxc2 {[%emt 0:00:34]} Bf6 {[%emt 0:05:03]} 48. Qc6 {[%emt 0:01:34]} Bb2 {[%emt 0:04:58]} 49. Bd2 {[%emt 0:04:29]} Nf6 50. g4 {[%emt 0:01:12]} Rb6 {[%emt 0:05:09]} 51. Qa4 {[%emt 0:00:45]} Qc8 {[%emt 0:01:07]} 52. g5 {[%emt 0:03:32]} Qd7 {[%emt 0:00:07]} 53. Qc4 {[%emt 0:01:21]} Nh5 {[%emt 0:00:51]} 54. Re7 {[%emt 0:00:49]} Qb5 {[%emt 0:02:16]} 55. Qe4 {[%emt 0:00:44]} Ng7 {[%emt 0:01:23]} 56. Nh4 {[%emt 0:01:03]} f5 {[%emt 0:00:56]} 57. Qf3 {[%emt 0:04:05]} R6b7 {[%emt 0:00:35]} 58. R7e2 {[%emt 0:01:17]} Qc4 {[%emt 0:00:41]} 59. Be3 {[%emt 0:01:33]} Bc3 {[%emt 0:00:12]} 60. Rc1 {[%emt 0:01:13]} Rb2 {[%emt 0:00:05]} 61. Rxb2 {[%emt 0:00:25]} Rxb2+ {[%emt 0:02:34]} 62. Bf2 {[%emt 0:01:11]} Qd4 {[%emt 0:01:14]} 63. Kg1 Rxf2 64. Qxf2 {[%emt 0:00:39]} Qd3 {[%emt 0:00:55]} 65. Qf3 {[%emt 0:00:28]} Bd4+ 66. Kh1 Qd2 {[%emt 0:02:03]} 67. Rd1 {[%emt 0:00:51]} Qb2 68. Qg2 {[%emt 0:00:52]} Qc3 {[%emt 0:01:30]} 69. Nf3 {[%emt 0:00:33]} Be3 {[%emt 0:00:12]} 70. Qe2 {[%emt 0:00:55]} Nh5 {[%emt 0:00:36]} 71. Qd3 {[%emt 0:00:45]} Ng3+ {[%emt 0:00:40]} 72. Kg2 {[%emt 0:00:33]} Qb2+ {[%emt 0:00:55]} 73. Nd2 {[%emt 0:00:01]} Bxf4 {[%emt 0:00:22]} 74. Rb1 {[%emt 0:00:12]} Qxd2+ {[%emt 0:00:42]} 75. Qxd2 {[%emt 0:00:08]} Bxd2 {[%emt 0:00:02]} 76. Rb8+ {[%emt 0:00:30]} Kg7 {[%emt 0:00:07]} 77. Rb7+ {[%emt 0:00:08]} Kg8 {[%emt 0:00:04]} 78. Kxg3 {[%emt 0:00:49]} Bxg5 {[%emt 0:00:07]} 79. Rd7 {[%emt 0:00:03]} Bf6 {[%emt 0:00:38]} 80. Kf3 {[%emt 0:00:18]} Be5 81. Rb7 g5 {[%emt 0:00:35]} 82. Rc7 {[%emt 0:00:51]} h5 {[%emt 0:00:09]} 83. Rb7 {[%emt 0:00:19]} Bh2 {[%emt 0:01:11]} 84. Kg2 {[%emt 0:00:12]} Be5 {[%emt 0:00:03]} 85. Kf3 {[%emt 0:00:03]} g4+ {[%emt 0:02:09]} 86. hxg4 {[%emt 0:00:03]} hxg4+ {[%emt 0:00:04]} 87. Ke3 {[%emt 0:00:15]} Bh2 {[%emt 0:00:23]} 88. Kf2 {[%emt 0:01:13]} Bf4 {[%emt 0:00:35]} 89. Kg2 {[%emt 0:00:22]} Be5 {[%emt 0:00:15]} 90. Kf2 {[%emt 0:00:36]} f4 91. Kg2 Bf6 92. Rd7 Be5 93. Rb7 Bf6 94. Rd7 Be5 95. Rb7 1/2-1/2

[Event "35th European Club Cup 2019"]
[Site "Ulcinj"]
[Date "2019.11.12"]
[Round "3.24"]
[White "Laketic, Gojko"]
[Black "Kryakvin, Dmitry"]
[Result "0-1"]
[WhiteElo "2346"]
[BlackElo "2605"]
[Annotator "ChessBase"]
[PlyCount "64"]
[EventDate "2019.11.10"]
[EventType "team-tourn"]
[EventCountry "MNE"]
[SourceTitle "playchess.com"]
[Source "ChessBase"]
[SourceQuality "1"]
[WhiteTeam "Sloven Ruma"]
[BlackTeam "Molodezka"]
[TimeControl "40/5400+30:1800+30"]

1. d4 {[%emt 0:00:00]} d5 {[%emt 0:00:00]} 2. c4 {[%emt 0:00:00]} dxc4 {[%emt 0:00:00]} 3. Nf3 {[%emt 0:00:23]} Nf6 {[%emt 0:00:00]} 4. e3 {[%emt 0:02:42]} b5 {[%emt 0:00:04]} 5. a4 {[%emt 0:00:57]} b4 {[%emt 0:00:13]} 6. Bxc4 {[%emt 0:00:46]} e6 {[%emt 0:00:06]} 7. Qe2 {[%emt 0:03:22]} Be7 {[%emt 0:01:00]} 8. O-O {[%emt 0:11:25]} O-O {[%emt 0:02:04]} 9. Nbd2 {[%emt 0:05:06]} Bb7 {[%emt 0:02:44]} 10. a5 {[%emt 0:01:27]} c5 {[%emt 0:01:26]} 11. a6 {[%emt 0:02:01]} Bc6 {[%emt 0:00:23]} 12. dxc5 {[%emt 0:04:28]} Nbd7 {[%emt 0:06:07]} 13. Nd4 {[%emt 0:00:52]} Qc7 {[%emt 0:03:35]} 14. Nxc6 {[%emt 0:16:30]} Qxc6 {[%emt 0:00:07]} 15. Nb3 {[%emt 0:00:13]} Nxc5 {[%emt 0:04:48]} 16. Nxc5 {[%emt 0:09:51]} Qxc5 {[%emt 0:03:09]} 17. Bd2 {[%emt 0:06:17]} Ne4 {[%emt 0:05:27]} 18. Rfc1 {[%emt 0:04:21]} Nxd2 {[%emt 0:05:47]} 19. Qxd2 {[%emt 0:00:04]} Rfd8 {[%emt 0:01:07]} 20. Qe2 {[%emt 0:00:24]} Rac8 {[%emt 0:09:53]} 21. g3 {[%emt 0:02:54]} Bf6 {[%emt 0:05:44]} 22. Ra4 {[%emt 0:16:03]} Rc6 {[%emt 0:13:59]} 23. Rc2 {[%emt 0:02:38]} Qb6 {[%emt 0:00:50]} 24. Bb3 {[%emt 0:01:14]} Rxc2 {[%emt 0:06:01]} 25. Qxc2 {[%emt 0:00:16]} g6 {[%emt 0:01:22]} 26. Ra1 {[%emt 0:04:10]} Kg7 {[%emt 0:01:52]} 27. Qe2 {[%emt 0:00:28]} Rd6 {[%emt 0:01:06]} 28. h4 {[%emt 0:02:53]} h5 {[%emt 0:00:52]} 29. Ra4 {[%emt 0:00:43]} Qc5 {[%emt 0:09:42]} 30. Qc4 {[%emt 0:01:47]} Qf5 {[%emt 0:01:06]} 31. Qxb4 {[%emt 0:00:36]} Qd3 {[%emt 0:10:04]} 32. Bc2 {[%emt 0:00:32]} Qxc2 0-1

[Event "35th European Club Cup 2019"]
[Site "Ulcinj"]
[Date "2019.11.12"]
[Round "3.24"]
[White "Van Vliet, Dennis"]
[Black "Duijn, Rob"]
[Result "0-1"]
[WhiteElo "2051"]
[BlackElo "2220"]
[Annotator "NA"]
[PlyCount "104"]
[EventDate "2019.11.10"]
[EventType "team-tourn"]
[EventCountry "MNE"]
[SourceTitle "playchess.com"]
[Source "ChessBase"]
[SourceQuality "1"]
[WhiteTeam "Wachtebeke"]
[BlackTeam "Kennemer Combinatie"]
[TimeControl "40/5400+30:1800+30"]

1. d4 d5 2. c4 c6 3. cxd5 cxd5 4. Nc3 Nf6 5. Bf4 Nc6 6. e3 e6 7. Bd3 a6 8. Rc1 Bd6 9. Bxd6 Qxd6 10. f4 O-O 11. Nf3 b5 12. Ne5 Bb7 13. O-O Ne7 14. Qf3 g6 15. g4 Nd7 16. g5 Rac8 17. a3 Nb6 18. Ng4 Nf5 19. Nf6+ Kg7 20. Ne2 h5 21. Bxf5 exf5 22. Ng3 h4 23. Nfh5+ Kh8 24. Nxf5 gxf5 25. Nf6 Kg7 26. Nh5+ Kg6 27. Nf6 Rh8 28. Rxc8 Bxc8 29. Rc1 Be6 30. Rc5 Nd7 31. Nxd7 Qxd7 32. b4 f6 33. Qg2 Rg8 {[%emt 1:31:51]} 34. Qf2 {[%emt 1:37:29]} fxg5 {[%emt 0:00:30]} 35. fxg5 {[%emt 0:00:04]} Kxg5 {[%emt 0:00:51]} 36. Kh1 {[%emt 0:01:09]} Qd6 {[%emt 0:05:23]} 37. Rc1 {[%emt 0:00:11]} Kh5 {[%emt 0:01:01]} 38. Qf3+ {[%emt 0:00:19]} Kh6 {[%emt 0:00:16]} 39. Qf2 {[%emt 0:00:00]} Rg4 {[%emt 0:00:00]} 40. Qf3 {[%emt 0:00:00]} Bd7 {[%emt 0:00:00]} 41. Rc5 {[%emt 0:05:54]} Qe6 {[%emt 0:05:23]} 42. Rc7 {[%emt 0:00:30]} f4 {[%emt 0:01:38]} 43. h3 {[%emt 0:00:29]} Rg5 {[%emt 0:01:56]} 44. Rc3 {[%emt 0:02:02]} Qf5 {[%emt 0:02:01]} 45. Kh2 {[%emt 0:03:50]} fxe3 {[%emt 0:02:10]} 46. Qxf5 {[%emt 0:01:17]} Bxf5 {[%emt 0:00:14]} 47. Rxe3 {[%emt 0:00:03]} Be4 48. Re2 {[%emt 0:00:39]} Rg3 {[%emt 0:00:29]} 49. a4 {[%emt 0:00:52]} bxa4 {[%emt 0:00:08]} 50. Rf2 {[%emt 0:00:16]} Kg5 {[%emt 0:00:09]} 51. b5 axb5 {[%emt 0:00:05]} 52. Rf5+ {[%emt 0:00:56]} Bxf5 {[%emt 0:00:09]} 0-1

[Event "35th European Club Cup 2019"]
[Site "Ulcinj"]
[Date "2019.11.12"]
[Round "3.25"]
[White "Dominguez Perez, Leinier"]
[Black "Mamedyarov, Shakhriyar"]
[Result "1/2-1/2"]
[WhiteElo "2762"]
[BlackElo "2772"]
[Annotator "TA"]
[PlyCount "60"]
[EventDate "2019.11.10"]
[EventType "team-tourn"]
[EventCountry "MNE"]
[SourceTitle "playchess.com"]
[Source "ChessBase"]
[SourceQuality "1"]
[WhiteTeam "Mednyi Vsadnik"]
[BlackTeam "Alkaloid"]

{[%evp 14,60,45,11,14,12,22,16,33,12,0,0,0,7,10,0,16,0,0,0,0,0,0,0,9,0,0,0,0,-10,-7,-8,-18,-19,-18,-8,-2,-2,-1,-1,-1,-2,-2,-3,0,0,0,0,30]} 1. e4 e5 2. Nf3 Nc6 3. Bc4 Bc5 4. c3 Nf6 5. d3 d6 6. O-O h6 7. Re1 O-O 8. h3 a6 {C54: Giuoco Piano: 4 c3 Nf6, main lines with 5 d4 and 5 d3} 9. a4 Ba7 $146 (9... a5 10. d4 Ba7 11. Bb3 Re8 12. Bc2 Bd7 13. Na3 Qc8 14. Nb5 Bb6 15. Bb1 exd4 16. cxd4 {0-1 (34) Giri,A (2797)-Karjakin,S (2753) Shamkir 2019}) 10. Nbd2 Ne7 11. d4 Nc6 {[%cal Re5d4] The position is equal.} 12. dxe5 Nxe5 13. Nxe5 dxe5 14. Qe2 Re8 15. Rd1 Qd6 16. Nb3 {[%cal Bd2b3,Bb3a5,Ba5c4,Bc4e5][%mdl 32]} Qc6 17. Bd3 Rd8 18. Na5 Qe8 19. Be3 Bxe3 20. Qxe3 b6 21. Nc4 a5 22. Qg3 Ba6 23. Nxe5 Bxd3 24. Rxd3 Nxe4 25. Qf4 {[#] Strongly threatening Rxd8.} Rxd3 26. Nxd3 {Threatens to win with Re1.} Rd8 27. Re1 Rxd3 28. Rxe4 Qd7 29. Rc4 Rd6 30. Kh2 h5 {Accuracy: White = 84%, Black = 59%.} 1/2-1/2